Hľadanie cenovej stratégie duopolistu v bimaticových hrách

Priestorové hry a špecifická situácia stanovenia ceny produktu jedného z hráčov na základe ceny oponenta. Modely priestorovej konkurencie.

Salvato in:
Dettagli Bibliografici
Autore principale: Čičková, Zuzana, 1978-
Altri autori: Holzerová, Patrícia, 1995-
Natura: Capitolo di libro
Lingua:slovacco
Soggetti:
Tags: Aggiungi Tag
Nessun Tag, puoi essere il primo ad aggiungerne!!

MARC

LEADER 00000naa$a2200000$$$4500
001 0280356
005 20240502074342.7
041 0 |a slo 
044 |a SK 
245 1 0 |a Hľadanie cenovej stratégie duopolistu v bimaticových hrách  |c Zuzana Čičková, Patrícia Holzerová 
520 |a Priestorové hry a špecifická situácia stanovenia ceny produktu jedného z hráčov na základe ceny oponenta. Modely priestorovej konkurencie. 
610 2 0 |a konkurencia 
610 2 0 |a stratégia cenová 
610 2 0 |a ceny 
100 1 |a Čičková, Zuzana, 1978- 
700 1 |a Holzerová, Patrícia, 1995-